حكاية الدب الأبيض / (رقم التسجيلة. 43976)

تفاصيل مارك
000 -LEADER
fixed length control field 00627nam a22002057a 4500
005 - DATE AND TIME OF LATEST TRANSACTION
control field 20251108170558.0
008 - FIXED-LENGTH DATA ELEMENTS--GENERAL INFORMATION
fixed length control field 250721s1998 xx 000 0 ara d
082 14 - DEWEY DECIMAL CLASSIFICATION NUMBER
Classification number ط/ق/عما
100 1# - MAIN ENTRY--PERSONAL NAME
Personal name عمارة، حمدي
245 10 - TITLE STATEMENT
Title حكاية الدب الأبيض /
250 ## - EDITION STATEMENT
Edition statement ط . 2
264 1# - PRODUCTION, PUBLICATION, DISTRIBUTION, MANUFACTURE, AND COPYRIGHT NOTICE
Place of production, publication, distribution, manufacture القاهرة :
Name of producer, publisher, distributor, manufacturer الدار المصرية اللبنانية،
Date of production, publication, distribution, manufacture, or copyright notice 1998.
300 ## - PHYSICAL DESCRIPTION
Extent 15ص .
490 0# - SERIES STATEMENT
Series statement أصدقائي
650 17 - SUBJECT ADDED ENTRY--TOPICAL TERM
Topical term or geographic name as entry element القصص العربية
653 ## - INDEX TERM--UNCONTROLLED
Uncontrolled term أطفال مرحلة متوسطة ( 6-9 سنوات )
700 1# - ADDED ENTRY--PERSONAL NAME
Personal name بدران، منال
Relator term رسام
942 ## - ADDED ENTRY ELEMENTS (KOHA)
Source of classification or shelving scheme Dewey Decimal Classification
Koha item type كتب
المقتنيات
حالة السحب حالة الفقدان مصدر التصنيف حالة التلف غير قابل للإعارة المكتبة الرئيسية المكتبة الحالية موقع الرف تاريخ التزويد الرقم المتسلسل Total Checkouts رقم الإستدعاء الباركود تاريخ آخر ظهور تاريخ الفاتورة نوع المادة (كوها)
    Dewey Decimal Classification     مكتبة أم المؤمنين للأطفال مكتبة أم المؤمنين للأطفال الأطفال 28/07/2025 349627   ط/ق/عما 349627 28/07/2025 28/07/2025 كتب
    Dewey Decimal Classification     مكتبة البراءة للأطفال مكتبة البراءة للأطفال الأطفال 31/05/2015 1598133   ط/ق/عما PLD00327636 28/07/2025 31/05/2015 كتب
    Dewey Decimal Classification     مكتبة الراية الهاشمية للأطفال مكتبة الراية الهاشمية للأطفال الأطفال 01/01/2003 1460532   ط/ق/عما PLD00349704 28/07/2025 01/01/2003 كتب
Implemented & Customized by: BBB with SCIT (Smart Chains for Information Technology)

Powered by Koha